Pokémon - Les attaques de Tortank - Statistiques

Statistiques générales
  • Ce quiz a été pris 50 fois
  • Le résultat moyen est 10 sur 15
Statistiques - réponses
Niveaux Types Noms des attaques % Correct
Niveau 49 Eau Hydrocanon
100%
Départ Normal Charge
97%
Départ Eau Pistolet à O
92%
Niveau 12 Ténèbres Morsure
81%
Départ Normal Mimi-Queue
75%
Départ Eau Repli
67%
Niveau 56 Normal Coud'Krâne
61%
Niveau 15 Eau Vibraqua
61%
Niveau 42 Acier Mur de Fer
58%
Niveau 25 Eau Danse Pluie
56%
Départ Évolution Acier Luminocanon
53%
Niveau 9 Normal Tour Rapide
50%
Niveau 30 Eau Hydro-Queue
44%
Niveau 20 Normal Abri
39%
Niveau 35 Normal Exuviation
36%
Aucun quiz correspondant
Distribution des résultats
% des personnes avec chaque résultat
Percentile par nombre de réponses
Votre historique - résultats
Vous n’avez pas pris ce quiz